000 00382nam a22000857a 4500
008 240914b ||||| |||| 00| 0 eng d
100 _aScandinavian Philatelic Foundation
245 _aAFA Specialized Catalog 1987-1988
650 _aGermany Postal History|Slesvig and Slesvig-Holstein|Greenlan Postal History|Denmark Christian X Bicolor Issues|Denmark Postal Labels|Denmark Essays and Proofs
999 _c3613
_d3613